Собрание сочинений: В 3 т.; Т. 1; Мы идем по Восточному Саяну. Злой дух Ямбуя; Мы идем по Восточному Саяну. Записки путешественника; Злой дух Ямбуя

Bibliografiske detaljer
Hovedforfatter: Федосеев Г. А. Григорий Анисимович
Andre forfattere: Шуртаков С. (автор предисловия)
Sprog:russisk
Udgivet: Москва, Молодая гвардия, 1989
TOC:Мы идем по Восточному Саяну. Записки путешественника;
Злой дух Ямбуя;
Fag:
Format: Bog
KOHA link:https://koha.lib.tpu.ru/cgi-bin/koha/opac-detail.pl?biblionumber=138790

MARC

LEADER 00000nam0a2200000 4500
001 138790
005 20231031141541.0
010 |a 5235004205 
010 |a 5-235-00419-1 
020 |a RU  |b 89-42978 
035 |a (RuTPU)RU\TPU\book\150369 
090 |a 138790 
100 |a 20080529g1989 m y0rusy5003 ca 
101 0 |a rus 
102 |a RU 
105 |a a z 000zy 
200 1 |a Собрание сочинений  |e В 3 т.  |h Т. 1  |i Мы идем по Восточному Саяну. Злой дух Ямбуя  |f Г. А. Федосеев  |g авт. предисл. и сост. С. Шуртаков 
210 |a Москва  |c Молодая гвардия  |d 1989 
215 |d 21 см  |a 640 с.  |c ил. 
464 |t Мы идем по Восточному Саяну. Записки путешественника 
464 |t Злой дух Ямбуя  |o повесть 
610 1 |a советская литература 
610 1 |a записки 
610 1 |a повести 
675 |a Р2  |z rus 
700 1 |a Федосеев  |b Г. А.  |g Григорий Анисимович  |4 070 
702 1 |a Шуртаков  |b С.  |4 080 
801 0 |a RU  |b RuMRKP  |c 19950417  |g psbo 
801 1 |a RU  |b 63413507  |c 20080529  |g PSBO 
801 2 |a RU  |b 63413507  |c 20180618  |g PSBO 
942 |c BK